Viackriteriálna analýza prechodu slovenského priemyslu na trhovú ekonomiku

Guardado en:
Detalles Bibliográficos
Autor principal: Unčovský, Ladislav
Otros Autores: Brezina, Ivan, 1963-
Formato: Capítulo de libro
Lenguaje:eslovaco
Etiquetas: Agregar Etiqueta
Sin Etiquetas, Sea el primero en etiquetar este registro!

MARC

LEADER 00000naa$a2200000$$$4500
001 0095395
005 20240502072049.4
041 0 |a slo 
044 |a SK 
245 1 0 |a Viackriteriálna analýza prechodu slovenského priemyslu na trhovú ekonomiku  |c Ladislav Unčovský, Ivan Brezina 
100 1 |a Unčovský, Ladislav 
700 1 |a Brezina, Ivan, 1963-